Trendy v inštitucionálnom usporiadaní finančnej regulácie a dohľadu v Európskej únii
Sektorový a funkcionálny model v inštitucionálnom usporiadaní finančnej regulácie a dohľadu krajín EÚ. Faktory podporujúce integráciu finančnej regulácie a dohľadu. Trend k integrácii orgánov regulácie a dohľadu do jednej inštitúcie. Diskusie o vytvorení nadnárodnej inštitúcie dohľadu. Bazilejská Ba...
Na minha lista:
| Autor principal: | |
|---|---|
| Outros Autores: | |
| Formato: | Capítulo de Livro |
| Idioma: | eslovaco |
| Assuntos: | |
| Tags: |
Sem tags, seja o primeiro a adicionar uma tag!
|
MARC
| LEADER | 00000naa$a2200000$$$4500 | ||
|---|---|---|---|
| 001 | 0044036 | ||
| 005 | 20231116082733.2 | ||
| 041 | 0 | |a slo | |
| 044 | |a SK | ||
| 245 | 1 | 0 | |a Trendy v inštitucionálnom usporiadaní finančnej regulácie a dohľadu v Európskej únii |c Emília Zimková, Viktória Vargová |
| 520 | |a Sektorový a funkcionálny model v inštitucionálnom usporiadaní finančnej regulácie a dohľadu krajín EÚ. Faktory podporujúce integráciu finančnej regulácie a dohľadu. Trend k integrácii orgánov regulácie a dohľadu do jednej inštitúcie. Diskusie o vytvorení nadnárodnej inštitúcie dohľadu. Bazilejská Banka pre medzinárodné platby a jej významné postavenie v tejto oblasti. | ||
| 610 | 2 | 0 | |a bankovníctvo |
| 610 | 2 | 0 | |a banky centrálne |
| 610 | 2 | 0 | |a trh finančný |
| 610 | 2 | 0 | |a dohľad bankový |
| 610 | 2 | 0 | |a regulácia |
| 610 | 2 | 0 | |a integrácia |
| 610 | 2 | 0 | |a spolupráca medzinárodná |
| 610 | 2 | 0 | |a krajiny vyspelé |
| 610 | 2 | 0 | |a Európska únia |
| 100 | 1 | |a Zimková, Emília | |
| 700 | 1 | |a Vargová, Viktória | |